<?xml version="1.0" encoding="UTF-8"?>
<record
    xmlns:xsi="http://www.w3.org/2001/XMLSchema-instance"
    xsi:schemaLocation="http://www.loc.gov/MARC21/slim http://www.loc.gov/standards/marcxml/schema/MARC21slim.xsd"
    xmlns="http://www.loc.gov/MARC21/slim">

  <leader>00950nam a2200229 a 4500</leader>
  <controlfield tag="001">65149</controlfield>
  <controlfield tag="003">BD-RjUL</controlfield>
  <controlfield tag="005">20211209081406.0</controlfield>
  <controlfield tag="008">170228s1987    ii  |||| |||| 000 0 ben d</controlfield>
  <datafield tag="020" ind1=" " ind2=" ">
    <subfield code="c">: Tk. 50.00</subfield>
  </datafield>
  <datafield tag="035" ind1=" " ind2=" ">
    <subfield code="a">(BD-RjUL)65279</subfield>
  </datafield>
  <datafield tag="040" ind1=" " ind2=" ">
    <subfield code="a">BD-RjUL</subfield>
    <subfield code="b">ben</subfield>
    <subfield code="c">BD-RjUL</subfield>
    <subfield code="d">BD-RjUL</subfield>
  </datafield>
  <datafield tag="041" ind1=" " ind2=" ">
    <subfield code="a">ben</subfield>
  </datafield>
  <datafield tag="082" ind1=" " ind2=" ">
    <subfield code="2">23</subfield>
    <subfield code="a">891.4414</subfield>
    <subfield code="b">MAR 1987</subfield>
  </datafield>
  <datafield tag="100" ind1="1" ind2=" ">
    <subfield code="a">&#x9AE;&#x99C;&#x9C1;&#x9AE;&#x9A6;&#x9BE;&#x9B0;, &#x9A6;&#x9C7;&#x9AC;&#x99C;&#x9CD;&#x9AF;&#x9CB;&#x9A4;&#x9BF; &#x9A6;&#x9A4;&#x9CD;&#x9A4;</subfield>
    <subfield code="9">192956</subfield>
  </datafield>
  <datafield tag="245" ind1="1" ind2="0">
    <subfield code="a">&#x9B0;&#x9AC;&#x9C0;&#x9A8;&#x9CD;&#x9A6;&#x9CD;&#x9B0;&#x9B8;&#x982;&#x997;&#x9C0;&#x9A4;&#x9C7;&#x9B0; &#x995;&#x9CD;&#x9B0;&#x9AE;&#x9AC;&#x9BF;&#x995;&#x9BE;&#x9B6; &#x993; &#x9AC;&#x9BF;&#x9AC;&#x9B0;&#x9CD;&#x9A4;&#x9A8; /</subfield>
    <subfield code="c">&#x9A6;&#x9C7;&#x9AC;&#x99C;&#x9CD;&#x9AF;&#x9CB;&#x9A4;&#x9BF; &#x9A6;&#x9A4;&#x9CD;&#x9A4; &#x9AE;&#x99C;&#x9C1;&#x9AE;&#x9A6;&#x9BE;&#x9B0;</subfield>
  </datafield>
  <datafield tag="260" ind1=" " ind2=" ">
    <subfield code="a">&#x995;&#x9B2;&#x995;&#x9BE;&#x9A4;&#x9BE; :</subfield>
    <subfield code="b">&#x9B8;&#x9BE;&#x9B9;&#x9BF;&#x9A4;&#x9CD;&#x9AF;&#x9B2;&#x9CB;&#x995;,</subfield>
    <subfield code="c">&#x9E7;&#x9EF;&#x9EE;&#x9ED; [&#x9E7;&#x9E9;&#x9EF;&#x9EA;]</subfield>
  </datafield>
  <datafield tag="300" ind1=" " ind2=" ">
    <subfield code="a">&#x9E8;&#x9EB;&#x9EC; &#x9AA;&#x9C3;. :</subfield>
    <subfield code="c">&#x9E7;&#x9EF; &#x9B8;&#x9C7;&#x9AE;&#x9BF;.</subfield>
  </datafield>
  <datafield tag="600" ind1=" " ind2=" ">
    <subfield code="a">&#x9A0;&#x9BE;&#x995;&#x9C1;&#x9B0;, &#x9B0;&#x9AC;&#x9C0;&#x9A8;&#x9CD;&#x9A6;&#x9CD;&#x9B0;&#x9A8;&#x9BE;&#x9A5;</subfield>
    <subfield code="d">&#x9E7;&#x9EE;&#x9EC;&#x9E7;-&#x9E7;&#x9EF;&#x9EA;&#x9E7;</subfield>
    <subfield code="9">173235</subfield>
  </datafield>
  <datafield tag="600" ind1=" " ind2=" ">
    <subfield code="a">Tagore, Rabinadranath</subfield>
    <subfield code="d">1861-1941</subfield>
    <subfield code="9">192774</subfield>
  </datafield>
  <datafield tag="942" ind1=" " ind2=" ">
    <subfield code="2">ddc</subfield>
    <subfield code="c">BK</subfield>
  </datafield>
  <datafield tag="999" ind1=" " ind2=" ">
    <subfield code="c">65149</subfield>
    <subfield code="d">65149</subfield>
  </datafield>
  <datafield tag="952" ind1=" " ind2=" ">
    <subfield code="0">0</subfield>
    <subfield code="1">0</subfield>
    <subfield code="2">ddc</subfield>
    <subfield code="4">0</subfield>
    <subfield code="7">1</subfield>
    <subfield code="8">NFIC</subfield>
    <subfield code="a">RUCL</subfield>
    <subfield code="b">RUCL</subfield>
    <subfield code="c">Reading</subfield>
    <subfield code="d">2005-07-26</subfield>
    <subfield code="e">India Govt.</subfield>
    <subfield code="g">0.00</subfield>
    <subfield code="l">0</subfield>
    <subfield code="o">B 891.4414 MAR 1987</subfield>
    <subfield code="r">2017-02-28 00:00:00</subfield>
    <subfield code="t">C-1</subfield>
    <subfield code="w">2017-02-28</subfield>
    <subfield code="y">BK</subfield>
  </datafield>
</record>
